00413nam a2200157Ia 4500003000900000005001700009008004100026040001300067040001300080100002100093245002900114260002100143300000800164490000600172500007700178IT-RoPAU20220918175329.0120407s9999 xx 000 0 und d aIT-RoPAU cIT-RoPAU aRené Laurentin aLa Chiesa oltre la crisi bEdizioni Paoline c cm v1 aTitolo originale: Eglise qui vient au-delà des crises, Desclée, 1989